000 00281nam a2200109Ia 4500
008 200302s9999 xx 000 0 und d
100 _aErberto Lo Bue(ed)
245 _aWonders of Lo The Artistic Heritage of Mustang
260 _bMarg Publication
260 _c2010
300 _a164P;
999 _c2836
_d2836